| 000 | 00352nam a2200133Ia 4500 | ||
|---|---|---|---|
| 008 | 240624s9999 xx 000 0 und d | ||
| 041 | _aeng | ||
| 082 | _a828 DAL | ||
| 100 | _aDALRYMPLE WILLIAM | ||
| 245 | _aKOHINOOR THE STORY OF THE WORLD S MOST I | ||
| 260 |
_c2016 _aChennai _bJuggernaut Books |
||
| 300 | _aviii, 239 p.; 22 cm. | ||
| 365 |
_cRS _b30 |
||
| 999 |
_c29550 _d29550 |
||